| 000 | 00939nam a22002897a 4500 | ||
|---|---|---|---|
| 001 | 5501 | ||
| 003 | FISKH | ||
| 005 | 20241213095446.0 | ||
| 008 | 241213b cb ||||| |||| 00| 0 eng d | ||
| 020 | _a9780531208311 | ||
| 040 |
_aFISKH _beng _cFISKH _dFISKH |
||
| 050 | _aD756.M397 | ||
| 082 | _a940.54 | ||
| 100 | _aMcGowen, Tom | ||
| 245 |
_aD-Day : _bCornerstones of freedom / _cby Tom McGowen |
||
| 260 |
_aNew York : _bChildren's Press ; _c2008. |
||
| 300 |
_a48 pages : _bcolor illustrations , maps ; _c25 cm . |
||
| 490 |
_aCornerstones of Freedom _vSecond series |
||
| 505 | _aZ | ||
| 520 | _aDiscusses the events leading up to the Allied invasion of Normandy in 1944. | ||
| 521 | 8 |
_a960
_bLexile |
|
| 521 | 8 |
_aZ
_bRaz-Plus |
|
| 650 |
_aWorld War, 1939-1945- Campaigns- France- Normandy _vJuvenile literature |
||
| 650 |
_aOperation Overlord _vJuvenile literature |
||
| 942 |
_2ddc _cBK _n0 |
||
| 999 |
_c5501 _d5501 |
||